| 000 | 00561nam a22001457a 4500 | ||
|---|---|---|---|
| 005 | 20250207171143.0 | ||
| 008 | 241108b |||||||| |||| 00| 0 eng d | ||
| 100 |
_aChancellor, David. _eauthor. _963792 |
||
| 245 |
_aDallas, Texas : _bKing of the trophies / _cDavid Chancellor. |
||
| 260 |
_aWashington ; _bNational Geographic Partners, LLC., _cDecember 2022. |
||
| 300 |
_avolume 241, pages 88-89, _billustration. |
||
| 500 | _aNational Geographic, v. 242, n. 12, pages 88-89, December 2022. | ||
| 700 |
_aChancellor, David. _eauthor. _963791 |
||
| 942 |
_2ddc _cPER |
||
| 999 |
_c23096 _d23096 |
||